000 00740nam a22002297a 4500
999 _c15848
_d15848
003 AR-CdUCM
008 190430b ||||| |||| 00| 0 spa d
040 _aMUNICIPALIDAD PROVINCIAL DEL CUSCO
_cBIBLIOTECA MUNICIPAL DEL CUSCO
082 _a874.51 /
_bH76
100 _aHoracio
_935046
245 _aOdas /
260 _aBuenos Aires :
_bCentro editor de América Latina,
_c1970.
300 _a64 páginas ;
_c16.5 cm.
440 _aBiblioteca básica universal ;
_96873
650 _aLiteratura clásica
_912093
650 _aPoesía lírica
_911722
650 _aValores lingüísticos
_935047
650 _aContexto cultural
_935048
700 _aGoldar, Ana (traducción)
_935049
942 _2ddc
_cLIBROS
945 _aacv
_d2019-04-30